| 000 | 00491nam a2200193Ia 4500 | ||
|---|---|---|---|
| 003 | LK-CoDNM | ||
| 005 | 20240312131628.0 | ||
| 008 | 010623t1933 xxu||||| |||| 00| 1 sin d | ||
| 040 |
_aLK-CoDNM _dLK-CoDNM _eLK-CoDNM |
||
| 041 | _asin | ||
| 080 | _a104 CC8 | ||
| 100 | _aDe Lenarol,V.D. | ||
| 245 | _aකුමාර ශික්ෂා | ||
| 246 | _akumaara shikshaa | ||
| 260 |
_bY.D.Advin _aColombo _c1933 |
||
| 300 |
_bDamaged _a64p.,iill.,18 cm |
||
| 650 | _aText book | ||
| 942 | _cBK | ||
| 999 |
_c96704 _d96704 |
||